| 000 | 00742nam a2200265Ia 4500 | ||
|---|---|---|---|
| 003 | OSt | ||
| 005 | 20221005051954.0 | ||
| 006 | a|||||r|||| 00| 0 | ||
| 007 | ta | ||
| 008 | 221004b |||||||| |||| 00| 0 eng d | ||
| 020 | _a0304703303 | ||
| 024 | _a61213 | ||
| 037 | _cTextual | ||
| 040 |
_aCRL _cCRL _beng |
||
| 041 |
_2eng _aeng |
||
| 082 | _aP14, N8 | ||
| 100 |
_aFortescue Michael _9140696 |
||
| 245 | 0 |
_aLanguage relations across bering strait _b Reappraising the archaeological and linguistic evidence |
|
| 260 |
_aLondon _bCassell UK _c1998 |
||
| 300 |
_a307p. _ccm. |
||
| 490 | _aOpen Linguistics | ||
| 650 | _aLINGUISTICS | ||
| 942 |
_hP14, N8 _cTEXL _2cc |
||
| 999 |
_c959591 _d959591 |
||